| 000 | 00371nam a22001337a 4500 | ||
|---|---|---|---|
| 008 | 230620b xxu||||| |||| 00| 0 eng d | ||
| 020 | _a9789966044143 | ||
| 082 |
_a305.9 _bNCIC 2016 |
||
| 245 | _aEthnic and Diversity Audit of Commisions in Kenya | ||
| 260 |
_aKenya _bNational Cohesion and Integration Commission _c2016 |
||
| 300 | _a64p | ||
| 440 | _vI | ||
| 942 |
_2ddc _cBK |
||
| 999 |
_c1505 _d1505 |
||